Psychology, theology, and spirituality in Christian counseling / (Record no. 1737)

MARC details
000 -LEADER
fixed length control field 00962cam a2200277 a 4500
001 - CONTROL NUMBER
control field 1633841
003 - CONTROL NUMBER IDENTIFIER
control field GBCCL
005 - DATE AND TIME OF LATEST TRANSACTION
control field 20241126110408.0
008 - FIXED-LENGTH DATA ELEMENTS--GENERAL INFORMATION
fixed length control field 960305s1996 ilua b 000 0 eng
010 ## -
-- 96012604
020 ## - INTERNATIONAL STANDARD BOOK NUMBER
International Standard Book Number 084235252X (alk. paper)
040 ## - CATALOGING SOURCE
Original cataloging agency DLC
Transcribing agency DLC
Modifying agency DLC
050 00 -
-- BV4012.2
-- .M26 1996
082 00 - DEWEY DECIMAL CLASSIFICATION NUMBER
Classification number 253.52
Edition information 20
Item number MCM
100 1# - MAIN ENTRY--PERSONAL NAME
Personal name McMinn, Mark R.
9 (RLIN) 3580
245 10 - TITLE STATEMENT
Title Psychology, theology, and spirituality in Christian counseling /
Statement of responsibility, etc. Mark R. McMinn.
260 ## - PUBLICATION, DISTRIBUTION, ETC.
Place of publication, distribution, etc. Wheaton, Ill. :
Name of publisher, distributor, etc. Tyndale House,
Date of publication, distribution, etc. c1996.
300 ## - PHYSICAL DESCRIPTION
Extent xii, 315 p. :
Other physical details ill. ;
Dimensions 24 cm.
440 #0 - SERIES STATEMENT/ADDED ENTRY--TITLE
Title AACC counseling library
9 (RLIN) 3581
504 ## - BIBLIOGRAPHY, ETC. NOTE
Bibliography, etc. note Includes bibliographical references (p. 299-313).
650 #0 - SUBJECT ADDED ENTRY--TOPICAL TERM
Topical term or geographic name entry element Pastoral counseling.
9 (RLIN) 547
650 #0 - SUBJECT ADDED ENTRY--TOPICAL TERM
Topical term or geographic name entry element Psychology and religion.
9 (RLIN) 1082
906 ## - LOCAL DATA ELEMENT F, LDF (RLIN)
a 7
b cbc
c orignew
d 1
e ocip
f 19
g y-gencatlg
942 ## - ADDED ENTRY ELEMENTS (KOHA)
Source of classification or shelving scheme Dewey Decimal Classification
Koha item type Books
Koha issues (borrowed), all copies 7
Holdings
Withdrawn status Lost status Source of classification or shelving scheme Damaged status Not for loan Home library Current Library Shelving location Date acquired Total checkouts Total renewals Full call number Barcode Date last seen Date last checked out Copy number Price effective from Koha item type
    Dewey Decimal Classification     GRACE BIBLE COLLEGE GRACE BIBLE COLLEGE Ministry & Mission 2017-05-22 7 4 253.52 MCM 010260 2025-05-01 2021-05-13 c.1 2017-05-22 Books
© Grace Bible College Library 2025